Municipios con Mercadona (Castilla-La Mancha) - Estadísticas

Estadísticas generales
  • Esta prueba ha sido intentada 137 veces
  • La puntuación promedio es 24 de 44
Estadísticas de respuestas
Provincia Municipio Población % Correcto
Albacete Albacete 175.400
98%
Ciudad Real Ciudad Real 76.217
97%
Toledo Toledo 87.216
95%
Cuenca Cuenca 53.600
94%
Talavera de la Reina 83.803
91%
Guadalajara Guadalajara 92.834
89%
Puertollano 45.565
88%
Tomelloso 37.060
84%
Alcázar de San Juan 31.914
81%
Illescas 33.301
78%
La Roda 15.643
76%
Tarancón 16.748
76%
Villarrobledo 25.400
76%
Hellín 30.836
75%
Almansa 24.615
73%
Valdepeñas 30.782
72%
Azuqueca de Henares 35.924
68%
Manzanares 17.728
66%
Seseña 30.907
66%
Daimiel 17.722
63%
Ocaña 15.560
61%
Campo de Criptana 12.868
52%
Quintanar de la Orden 11.355
52%
Miguelturra 15.924
49%
Almagro 9.190
47%
La Solana 15.242
42%
Socuéllamos 12.172
42%
Torrijos 14.307
38%
San Clemente 6.797
36%
Sonseca 11.452
36%
Alovera 14.526
35%
Motilla del Palancar 6.432
33%
Madridejos 10.088
32%
Bargas 11.274
27%
Villacañas 9.411
27%
Caudete 10.439
26%
Villarrubia de los Ojos 9.512
25%
Casas-Ibáñez 4.616
24%
Cabanillas del Campo 11.572
22%
Fuensalida 12.669
19%
El Casar 13.962
18%
Yuncos 13.189
18%
Burguillos de Toledo 3.872
12%
Valmojado 4.898
6%
No se encontraron pruebas coincidentes
Distribución de puntuación
Porcentaje de gente con cada puntuación
Porcentaje por número respondido
Historial de tus puntuaciones
No has intentado esta prueba.